| 000 | 00746nam a2200241 a 4500 | ||
|---|---|---|---|
| 001 | 1290 | ||
| 003 | BR-CuiBMT | ||
| 005 | 20231207230205.0 | ||
| 008 | 231204s2007 dtba 000 0 por d | ||
| 040 |
_aBR-CuiBMT _cBR-CuiBMT |
||
| 080 |
_22007 _a94 _x(81) |
||
| 090 |
_a94(81) _bC355c |
||
| 100 | 1 | _aCastro, Chico | |
| 245 | 1 | 2 |
_aA Coluna Prestes no Piauí : _b(a república do vintém) _cChico Castro. |
| 260 |
_aBrasília : _bSenado Federal, _bConselho Editorial, _c2007. |
||
| 300 |
_a257 p. : _bil. color. ; _c23 cm |
||
| 490 | 1 |
_aEdições do Senado Federal ; _vv. 90 |
|
| 504 | _aInclui bibliografia. | ||
| 650 |
_aColuna Prestes _zBrasil |
||
| 650 |
_aHistória _yBrasil |
||
| 830 | 0 |
_aEdições do Senado Federal ; _v90 |
|
| 942 |
_2udc _cLV |
||
| 999 |
_c1290 _d1290 |
||